000 00454nam a2200157Ia 4500
008 220217s9999 xx 000 0 und d
245 0 _aBritish Standards: Furniture, bedding and furnishings
260 _aLondon
260 _c1982
_bBritish Standards Institution
490 _aSectional List of British Standards
500 _aStandard number: SL 11 February 1982
650 _aBedding
650 _aFurnishing
650 _aFurniture
942 _cST
999 _c74212
_d74212